000 00434nam a2200169Ia 4500
008 121105t1973 xxu||||| |||| 00| 0 sin d
041 _asin
080 _a8S-1
_bSEN
100 _aSenanayaka .G.B
245 _aදැල් කවුළුව
246 _aDel Kavuluva
260 _bPradeepa Prakashakayo
_aColombo 12
_c1973
300 _b224p., 18 cm
942 _cBK
999 _c75391
_d75391
003 LK-CoDNM
040 _aLK-CoDNM
_dLK-CoDNM
_eLK-CoDNM